K. Česnek: Proexportnej politike venuje štát trvalú pozornosť

Význam zahraničného obchodu, najmä jeho exportnej zložky, pre vývoj hospodárstva SR. Prepad zahraničnoobchodnej bilancie neovplyvnil tempo rastu HDP. Nedostatok zdrojov na reštrukturalizáciu hospodárstva - význam vstupu zahraničného kapitálu. Otvorenosť slovenského hospodárstva. Štandardná ochrana d...

Full description

Saved in:
Bibliographic Details
Main Author: Česnek, K.
Other Authors: Švec, P.
Format: Book Chapter
Language:Slovak
Subjects:
Tags: Add Tag
No Tags, Be the first to tag this record!

MARC

LEADER 00000naa a2200000 4500
001 r026094
005 20230921080416.1
041 0 |a slo 
044 |a SK 
245 1 0 |a K. Česnek: Proexportnej politike venuje štát trvalú pozornosť  |c K. Česnek, P. Švec 
520 |a Význam zahraničného obchodu, najmä jeho exportnej zložky, pre vývoj hospodárstva SR. Prepad zahraničnoobchodnej bilancie neovplyvnil tempo rastu HDP. Nedostatok zdrojov na reštrukturalizáciu hospodárstva - význam vstupu zahraničného kapitálu. Otvorenosť slovenského hospodárstva. Štandardná ochrana domáceho trhu. Nevyhnutnosť diverzifikácie obchodu. 
610 2 0 |a obchod zahraničný 
610 2 0 |a vývoz 
610 2 0 |a podpora vývozu 
610 2 0 |a bilancia obchodná 
610 2 0 |a hospodárstvo národné 
610 2 0 |a reštrukturalizácia 
610 2 0 |a kapitál zahraničný 
610 2 0 |a investície zahraničné 
610 2 0 |a produkt domáci hrubý 
610 2 0 |a diverzifikácia 
610 2 0 |a trh vnútorný 
610 2 0 |a Slovensko 
100 1 |a Česnek, K. 
700 1 |a Švec, P.